000
00242nam a2200097Ia 4500
001
796696
005
20250826170753.0
008
250824s9999 xx 000 0 und d
245
0
_a
YALNIZ EFE
_c
ÖMER SEYFETTİN
260
_b
SEDİR YAYINLARI A.Ş.
999
_c
796696
_d
796696